| 000 | 00843nam a2200277 4500 | ||
|---|---|---|---|
| 001 | 12763 | ||
| 003 | BD-RjUL | ||
| 005 | 20211208235342.0 | ||
| 008 | 140129s1995 ii a 001 0 eng d | ||
| 035 | _a(BD-RjUL)12813 | ||
| 040 |
_aDLC _cDLC _dDLC _d(BD-RjUL) _beng |
||
| 041 | _aeng | ||
| 082 | 0 | 0 |
_bSAP 1995 _a615.1072 |
| 100 | 1 |
_aSatoskar, R. S. _939752 |
|
| 245 | 1 | 0 |
_aPharmacology and pharmacotherapeutics / _c[by] R. S. Satoskar, A. K. Kale, and S. D. Bhandarkar. |
| 250 | _a14th ed. | ||
| 260 |
_aBombay : _bPopular Prakashan, _c1995 |
||
| 300 |
_aviii,1022p. : _billus. ; _c25 cm. |
||
| 350 | _aRs40.00 (v. 1) | ||
| 504 | _aIncludes Index | ||
| 650 | 0 |
_aPharmacology. _934217 |
|
| 700 | 1 |
_aKale, A. K., _ejoint author. _939753 |
|
| 700 | 1 |
_aBhandarkar, S. D., _ejoint author. _939754 |
|
| 942 |
_2ddc _cBK |
||
| 999 |
_c12763 _d12763 |
||